Entrepreneurship / (Record no. 4142)
[ view plain ]
| 000 -LEADER | |
|---|---|
| fixed length control field | 01081nac a22002771u 4500 |
| 010 ## - LIBRARY OF CONGRESS CONTROL NUMBER | |
| LC control number | 2003065101 |
| 020 ## - INTERNATIONAL STANDARD BOOK NUMBER | |
| International Standard Book Number | 0072873744 (alk. paper) |
| 082 00 - DEWEY DECIMAL CLASSIFICATION NUMBER | |
| Classification number | 658.421 |
| Item number | H67315 |
| 090 ## - LOCALLY ASSIGNED LC-TYPE CALL NUMBER (OCLC); LOCAL CALL NUMBER (OCLC) | |
| -- | 4142 |
| -- | 4142 |
| 100 ## - MAIN ENTRY--PERSONAL NAME | |
| Personal name | Hisrich, Robert D. |
| 245 10 - TITLE STATEMENT | |
| Title | Entrepreneurship / |
| Statement of responsibility, etc | Robert D. Hisrich, Michael P. Peters, Dean A. Shepherd. |
| 250 ## - EDITION STATEMENT | |
| Edition statement | 6th ed. / |
| Remainder of edition statement | Robert D. Hisrich, Michael P. Peters, Dean A. Shepherd. |
| 260 ## - PUBLICATION, DISTRIBUTION, ETC. (IMPRINT) | |
| Place of publication, distribution, etc | Boston : |
| Name of publisher, distributor, etc | McGraw-Hill/Irwin, |
| Date of publication, distribution, etc | c2005. |
| 300 ## - PHYSICAL DESCRIPTION | |
| Extent | xx, 591 p. : |
| Other physical details | col. ill. ; |
| Dimensions | 26 cm. |
| 500 ## - GENERAL NOTE | |
| General note | International Edition. |
| 504 ## - BIBLIOGRAPHY, ETC. NOTE | |
| Bibliography, etc | Includes bibliographical references and index. |
| 650 #0 - SUBJECT ADDED ENTRY--TOPICAL TERM | |
| Topical term or geographic name as entry element | New business enterprises. |
| 650 #0 - SUBJECT ADDED ENTRY--TOPICAL TERM | |
| Topical term or geographic name as entry element | Entrepreneurship. |
| 650 #0 - SUBJECT ADDED ENTRY--TOPICAL TERM | |
| Topical term or geographic name as entry element | Business planning. |
| 650 #0 - SUBJECT ADDED ENTRY--TOPICAL TERM | |
| Topical term or geographic name as entry element | Business enterprises |
| General subdivision | Finance. |
| 650 #0 - SUBJECT ADDED ENTRY--TOPICAL TERM | |
| Topical term or geographic name as entry element | Success in business. |
| 700 1# - ADDED ENTRY--PERSONAL NAME | |
| Personal name | Peters, Michael P. |
| 700 1# - ADDED ENTRY--PERSONAL NAME | |
| Personal name | Shepherd, Dean A. |
| 942 ## - ADDED ENTRY ELEMENTS (KOHA) | |
| Item type | Book - Borrowing |
| Call number prefix | 658.421H67315 |
| Withdrawn status | Item status | Damaged status | Not for loan | Home library | Current library | Shelving location | Date acquired | Source of acquisition | Total Checkouts | Total Renewals | Full call number | Barcode | Date last seen | Date last borrowed | Koha item type |
|---|---|---|---|---|---|---|---|---|---|---|---|---|---|---|---|
| Central Library | Central Library | First floor | 22/08/2007 | Purchase | 5 | 22 | 658.421 HIS | 000000089 | 15/07/2025 | 18/02/2020 | Book - Borrowing |